[Event "Timisoara op"]
[Site "Timisoara"]
[Date "1999.??.??"]
[Round "?"]
[White "Popa, Valentin"]
[Black "Foisor, Cristina Adela B"]
[Result "1/2-1/2"]
[WhiteElo "2250"]
[BlackElo "2370"]
[PlyCount "81"]
[EventDate "1999.??.??"]
[EventType "swiss"]
[EventRounds "9"]
[EventCountry "ROU"]
[SourceTitle "EXT 2004"]
[Source "ChessBase"]
[SourceDate "2003.11.25"]
[SourceVersion "1"]
[SourceVersionDate "2003.11.25"]
[SourceQuality "1"]

1. d4 Nf6 2. c4 e6 3. Nf3 Bb4+ 4. Bd2 Qe7 5. Qc2 0-0 6. Nc3 c5 7. e3 Nc6 8. Bd3 cxd4 9. Nxd4 d5 10. Nb3 Rd8 11. 0-0 Bd6 12. h3 Nb4 13. Qb1 Nxd3 14. Qxd3 dxc4 15. Qxc4 a6 16. Ne4 Nxe4 17. Qxe4 f5 18. Qf3 e5 19. Ba5 Rf8 20. Rfd1 Be6 21. Nd2 Rac8 22. Rac1 e4 23. Qe2 b5 24. b3 Be5 25. Nb1 Qf6 26. Bb4 Rfe8 27. Rxc8 Rxc8 28. Bd6 Bb2 29. Ba3 Bxa3 30. Nxa3 Qc3 31. Qd2 Kf7 32. Qd6 Qc5 33. Qxa6 Rb8 34. Qd6 Qxd6 35. Rxd6 Ke7 36. Rd4 Ra8 37. Nxb5 Rxa2 38. b4 Rb2 39. Nc7 Bd7 40. Nd5+ Ke6 41. Nc7+ 1/2-1/2

[Event "Mos Craciun Cup op "]
[Site "Romania"]
[Date "1999.??.??"]
[Round "?"]
[White "Popa, Valentin"]
[Black "Ungureanu, Emil"]
[Result "0-1"]
[WhiteElo "2235"]
[BlackElo "2325"]
[PlyCount "56"]
[EventDate "1999.??.??"]
[EventType "swiss"]
[EventRounds "9"]
[EventCountry "ROU"]
[SourceTitle "EXT 2004"]
[Source "ChessBase"]
[SourceDate "2003.11.25"]
[SourceVersion "1"]
[SourceVersionDate "2003.11.25"]
[SourceQuality "1"]

1. d4 c5 2. d5 e5 3. c4 d6 4. e4 Be7 5. Bd3 Bg5 6. Ne2 Bxc1 7. Qxc1 Nd7 8. Nbc3 a6 9. 0-0 Ngf6 10. Ng3 g6 11. a3 h5 12. b4 h4 13. Nge2 Nh5 14. Na4 b6 15. f4 exf4 16. Nxf4 Ne5 17. Be2 Bd7 18. Nb2 Ng3 19. Re1 Nxe2+ 20. Rxe2 Qg5 21. Nbd3 h3 22. g3 Bg4 23. Rf2 0-0 24. Qc3 Rae8 25. Ne1 Qe7 26. Nc2 g5 27. Ne2 Nd7 28. Ne3 Qxe4 0-1

[Event "Mos Craciun Cup op "]
[Site "Romania"]
[Date "1999.??.??"]
[Round "?"]
[White "Redo, Giorgio"]
[Black "Popa, Valentin"]
[Result "0-1"]
[WhiteElo "1750"]
[BlackElo "2235"]
[PlyCount "104"]
[EventDate "1999.??.??"]
[EventType "swiss"]
[EventRounds "9"]
[EventCountry "ROU"]
[SourceTitle "EXT 2004"]
[Source "ChessBase"]
[SourceDate "2003.11.25"]
[SourceVersion "1"]
[SourceVersionDate "2003.11.25"]
[SourceQuality "1"]

1. f4 d5 2. Nf3 Nc6 3. b3 Bg4 4. e3 e5 5. fxe5 Nxe5 6. Be2 Nxf3+ 7. Bxf3 Qh4+ 8. Kf1 Nf6 9. Bb2 Bd6 10. d3 0-0 11. Nd2 Bc5 12. Qe1 Qg5 13. e4 d4 14. Bc1 Rae8 15. Nc4 Qh5 16. Qg3 b5 17. Nb2 Bd6 18. Bf4 Bxf3 19. gxf3 Bxf4 20. Qxf4 Nd7 21. Qg4 Re5 22. Rg1 g6 23. h4 Qxg4 24. fxg4 f5 25. gxf5 Kh8 26. Rg5 gxf5 27. Rxf5 Rfxf5+ 28. exf5 Rxf5+ 29. Kg2 Nf6 30. a4 a6 31. axb5 axb5 32. Rf1 Rxf1 33. Kxf1 Nd5 34. Nd1 Kg7 35. Ke2 Kf6 36. Kf3 Kf5 37. Kg3 c6 38. Kf3 Nb4 39. c3 Nxd3 40. cxd4 Nc1 41. Ne3+ Ke6 42. b4 Na2 43. Nc2 Kd5 44. h5 Kc4 45. Ke4 Nxb4 46. Ne3+ Kc3 47. h6 Nd5 48. Ng4 b4 49. Nf2 b3 50. Ke5 Ne3 51. Ne4+ Kc2 52. Nf6 b2 0-1

[Event "Timisoara op"]
[Site "Timisoara"]
[Date "1999.??.??"]
[Round "?"]
[White "Silaghi, Cristina"]
[Black "Popa, Valentin"]
[Result "0-1"]
[WhiteElo "2070"]
[BlackElo "2250"]
[PlyCount "92"]
[EventDate "1999.??.??"]
[EventType "swiss"]
[EventRounds "9"]
[EventCountry "ROU"]
[SourceTitle "EXT 2004"]
[Source "ChessBase"]
[SourceDate "2003.11.25"]
[SourceVersion "1"]
[SourceVersionDate "2003.11.25"]
[SourceQuality "1"]

1. d4 Nf6 2. c4 g6 3. Nc3 Bg7 4. e4 d6 5. f3 0-0 6. Be3 Nfd7 7. Bd3 c5 8. Nge2 Nc6 9. Bc2 cxd4 10. Nxd4 Nde5 11. Nxc6 bxc6 12. Qe2 Be6 13. Bd3 Qb8 14. Rb1 Qb4 15. a3 Nxd3+ 16. Qxd3 Qxc4 17. Qxc4 Bxc4 18. Kf2 Rfb8 19. Rhd1 Rb7 20. Bd4 Bb3 21. Rd2 Bh6 22. Be3 Bf8 23. Rc1 Rab8 24. Ne2 c5 25. e5 Rc8 26. exd6 exd6 27. Nc3 f5 28. Bf4 Rd8 29. Bg5 Rdd7 30. Re1 d5 31. Ne2 d4 32. Nc1 Bf7 33. Nd3 h6 34. Bf6 a5 35. Rc2 Rbc7 36. Be5 Rc6 37. Bf4 Rc8 38. b4 axb4 39. axb4 g5 40. Ne5 Rb7 41. Bd2 c4 42. Nxf7 Kxf7 43. Re5 c3 44. Be1 Rd8 45. Rxf5+ Kg6 46. g4 Bxb4 0-1

[Event "Timisoara op"]
[Site "Timisoara"]
[Date "1999.??.??"]
[Round "?"]
[White "Tirziu, Mircea"]
[Black "Popa, Valentin"]
[Result "0-1"]
[WhiteElo "2280"]
[BlackElo "2250"]
[PlyCount "64"]
[EventDate "1999.??.??"]
[EventType "swiss"]
[EventRounds "9"]
[EventCountry "ROU"]
[SourceTitle "EXT 2004"]
[Source "ChessBase"]
[SourceDate "2003.11.25"]
[SourceVersion "1"]
[SourceVersionDate "2003.11.25"]
[SourceQuality "1"]

1. e4 e6 2. d4 d5 3. exd5 exd5 4. Bd3 Bd6 5. Nc3 c6 6. Nce2 Qc7 7. Bg5 Bg4 8. f3 Be6 9. Qd2 Ne7 10. 0-0-0 0-0 11. Nh3 f6 12. Be3 Nd7 13. Nhf4 Bf7 14. Kb1 b6 15. h4 c5 16. c3 c4 17. Bc2 b5 18. g4 b4 19. Ka1 a5 20. g5 a4 21. cxb4 a3 22. b3 Rab8 23. bxc4 dxc4 24. Rb1 Rfe8 25. b5 Nd5 26. Nxd5 Bxd5 27. Rhf1 Qd8 28. Nc3 Bf7 29. Bf4 Bxf4 30. Qxf4 Qa5 31. Qd2 Re2 32. Bxh7+ Kxh7 0-1

[Event "Pecs op"]
[Site "Pecs"]
[Date "1996.??.??"]
[Round "8"]
[White "Bubalovic, Davorin"]
[Black "Popa, Valentin"]
[Result "1/2-1/2"]
[WhiteElo "2315"]
[BlackElo "2320"]
[PlyCount "146"]
[EventDate "1996.??.??"]
[EventType "swiss"]
[EventRounds "9"]
[EventCountry "HUN"]
[SourceTitle "EXT 2004"]
[Source "ChessBase"]
[SourceDate "2003.11.25"]
[SourceVersion "1"]
[SourceVersionDate "2003.11.25"]
[SourceQuality "1"]

1. e4 e6 2. d4 d5 3. exd5 exd5 4. Nf3 Nf6 5. Bd3 Bd6 6. 0-0 0-0 7. Bg5 Bg4 8. Re1 Nbd7 9. Nbd2 c6 10. c3 Qc7 11. Qc2 Bh5 12. Bh4 Rae8 13. Bg3 Bxg3 14. hxg3 Bg6 15. Nh4 Rxe1+ 16. Rxe1 Re8 17. Rxe8+ Nxe8 18. Bxg6 hxg6 19. Qd3 Ndf6 20. Nhf3 Nd6 21. Qe3 Kf8 22. Ne5 Qe7 23. Qf4 Qe6 24. Ndf3 Kg8 25. Nd2 Nd7 26. Nxd7 Qxd7 27. Qe5 Kf8 28. Kf1 Qe7 29. Qxe7+ Kxe7 30. Ke2 Ke6 31. Kd3 g5 32. g4 g6 33. b3 f6 34. c4 Nf7 35. Nb1 Nd6 36. Nc3 Nc8 37. c5 Ne7 38. b4 a6 39. Na4 Kd7 40. Ke3 Ng8 41. Nb2 Nh6 42. f3 Nf7 43. Nd3 Ke6 44. Kd2 Kd7 45. g3 Nh6 46. Kc3 Kc7 47. Kb3 Kb8 48. Ka4 Kc7 49. a3 Nf7 50. f4 gxf4 51. Nxf4 Ng5 52. Kb3 Ne4 53. Nxg6 Nxg3 54. Nf4 Kd7 55. a4 f5 56. gxf5 Nxf5 57. Kc3 Ne3 58. b5 axb5 59. axb5 Nf5 60. b6 Ne3 61. Kd3 Nf5 62. Ng6 Kc8 63. Ne5 Kb8 64. Nf3 Kc8 65. Ke2 Kb8 66. Kf2 Kc8 67. Kg2 Kb8 68. Kh3 Ne3 69. Kg3 Nc2 70. Kf4 Kc8 71. Ke5 Kd7 72. Nh4 Ne3 73. Kf6 Ng4+ 1/2-1/2

[Event "Pecs op"]
[Site "Pecs"]
[Date "1996.??.??"]
[Round "4"]
[White "Varga, Peter"]
[Black "Popa, Valentin"]
[Result "1/2-1/2"]
[WhiteElo "2420"]
[BlackElo "2320"]
[PlyCount "55"]
[EventDate "1996.??.??"]
[EventType "swiss"]
[EventRounds "9"]
[EventCountry "HUN"]
[SourceTitle "EXT 2004"]
[Source "ChessBase"]
[SourceDate "2003.11.25"]
[SourceVersion "1"]
[SourceVersionDate "2003.11.25"]
[SourceQuality "1"]

1. d4 Nf6 2. c4 c5 3. d5 d6 4. Nc3 g6 5. e4 Bg7 6. Bd3 0-0 7. h3 e6 8. Bg5 exd5 9. cxd5 h6 10. Be3 Na6 11. Nf3 Nc7 12. Nd2 b6 13. a4 Ba6 14. Nb5 Bxb5 15. axb5 Qe7 16. Qc2 Rfb8 17. 0-0 a6 18. bxa6 b5 19. a7 Rb7 20. b4 Nd7 21. Ra5 Raxa7 22. Rxa7 Rxa7 23. Nb3 Ra3 24. bxc5 dxc5 25. Bxc5 Nxc5 26. Qxc5 Qxc5 27. Nxc5 Rc3 28. d6 1/2-1/2

[Event "ROM-chT"]
[Site "Romania"]
[Date "1993.??.??"]
[Round "3"]
[White "Grunberg, Mihai Lucian"]
[Black "Popa, Valentin"]
[Result "1/2-1/2"]
[WhiteElo "2205"]
[BlackElo "2375"]
[PlyCount "26"]
[EventDate "1993.??.??"]
[EventType "team"]
[EventRounds "9"]
[EventCountry "ROU"]
[SourceTitle "EXT 1998"]
[Source "ChessBase"]
[SourceDate "1997.11.17"]
[SourceVersion "1"]
[SourceVersionDate "1997.11.17"]
[SourceQuality "1"]

1. f4 d5 2. Nf3 Nc6 3. g3 Bg4 4. Bg2 Bxf3 5. Bxf3 e5 6. fxe5 Nxe5 7. Bg2 Nf6 8. d4 Ng6 9. Nc3 c6 10. Qd3 Bb4 11. Bg5 h6 12. Bd2 Bxc3 13. Bxc3 0-0 1/2-1/2

[Event "Belgrade GMA op"]
[Site "Belgrade"]
[Date "1988.??.??"]
[Round "?"]
[White "Popa, Valentin"]
[Black "Barbero, Gerardo F"]
[Result "1-0"]
[WhiteElo "2375"]
[BlackElo "2505"]
[PlyCount "79"]
[EventDate "1988.12.??"]
[EventType "swiss"]
[EventRounds "9"]
[EventCountry "YUG"]
[SourceTitle "TD"]
[Source "ChessBase"]
[SourceDate "1994.03.01"]
[SourceVersion "1"]
[SourceVersionDate "1994.03.01"]
[SourceQuality "1"]

1. e4 c5 2. Nf3 e6 3. c4 Nc6 4. Nc3 Nf6 5. Be2 a6 6. 0-0 Qc7 7. d4 cxd4 8. Nxd4 Bb4 9. Nxc6 bxc6 10. Qd3 0-0 11. f4 d5 12. e5 Nd7 13. Be3 Bb7 14. Rac1 Qb8 15. Na4 Rd8 16. c5 Ba5 17. Rf3 Bc8 18. Rh3 g6 19. a3 Re8 20. Bd4 Bd8 21. Rc3 Ra7 22. Qc2 a5 23. Rb3 Qc7 24. Nb6 Ba6 25. Bxa6 Rxa6 26. Nxd7 Qxd7 27. Rh6 Kg7 28. Rbh3 Rh8 29. f5 Bg5 30. f6+ Kg8 31. Be3 Bxh6 32. Bxh6 a4 33. Bg7 Qa7 34. Qc1 Ra5 35. Rc3 Qb8 36. Qh6 Qxe5 37. h3 Qb8 38. Bxh8 Qf8 39. Bg7 Qb8 40. b4 1-0